Деловой русский язык для иностранных магистрантов, Практикум

Podrobná bibliografie
Hlavní autor: Е. Л. Черкашина
Shrnutí:Книга находится в премиум-версии платформы «Русский как иностранный».
Практикум адресован иностранным магистрантам, изучающим русский как иностранный на уровне В1–В2. В практикуме содержатся темы, наиболее актуальные для деловой коммуникации в учебно-научной сфере – языковые особенности производственной документации, правила написания реферата и подготовки к публичному выступлению. Предложенные в практикуме задания, а также отобранные аутентичные тексты не только связаны с языком специальности, но и содержат теоретический материал по языку делового общения (классификация документов, языковые особенности публичного выступления, техника речи). Материалы, представленные в пособии, могут быть использованы как для аудиторной, так и самостоятельной работы обучающихся. Для обучающихся магистратуры по всем УГСН, реализуемым НИУ МГСУ.
Лицензия до 01.07.2029
Vydáno: Москва, МИСИ-МГСУ, ЭБС АСВ, 2022
Vydání:Деловой русский язык для иностранных магистрантов
Témata:
On-line přístup:Перейти к просмотру издания
Médium: Elektronický zdroj

MARC

LEADER 00000 a2200000 4500
001 RU/ROS-EDU.RU/131557
856 4 |u https://www.ros-edu.ru/book?id=131557  |z Перейти к просмотру издания 
010 |a 978-5-7264-3089-8 
205 |a Деловой русский язык для иностранных магистрантов  |b 2029-07-01 
333 |a Лицензия до 01.07.2029 
100 |a 20220101d2022 |||y0rusy0250   |s 2029-07-01 
105 |a y z 000zy 
101 0 |a rus 
102 |a RU 
200 1 |a Деловой русский язык для иностранных магистрантов  |b Электронный ресурс  |e Практикум  |f Е. Л. Черкашина 
700 1 |b Е. Л.  |a Черкашина  |4 070 
330 |a Практикум адресован иностранным магистрантам, изучающим русский как иностранный на уровне В1–В2. В практикуме содержатся темы, наиболее актуальные для деловой коммуникации в учебно-научной сфере – языковые особенности производственной документации, правила написания реферата и подготовки к публичному выступлению. Предложенные в практикуме задания, а также отобранные аутентичные тексты не только связаны с языком специальности, но и содержат теоретический материал по языку делового общения (классификация документов, языковые особенности публичного выступления, техника речи). Материалы, представленные в пособии, могут быть использованы как для аудиторной, так и самостоятельной работы обучающихся. Для обучающихся магистратуры по всем УГСН, реализуемым НИУ МГСУ. 
210 |a Москва  |c МИСИ-МГСУ, ЭБС АСВ  |d 2022 
610 1 |a русский язык 
610 1 |a деловой язык 
610 1 |a иностранец 
610 1 |a магистр 
610 1 |a лингвистика 
610 1 |a деловая коммуникация 
610 1 |a аутентичный текст 
675 |a 811.161 
686 |a 81.411  |2 rubbk 
300 |a Книга находится в премиум-версии платформы «Русский как иностранный». 
215 |a 39 с.